| 000 | 00785nam a22002177a 4500 | ||
|---|---|---|---|
| 005 | 20150604162225.0 | ||
| 008 | 140714b xxu||||| |||| 00| 0 Urdu d | ||
| 010 | _aUR-9004 | ||
| 020 | _c250.00. | ||
| 035 | _aU-7559 | ||
| 037 | _bBPPD/Pub/Ven | ||
| 040 |
_aDPL _bUrdu |
||
| 082 | _a070 | ||
| 100 | _aمر ز ا مر تضی ا قبا ل | ||
| 245 |
_aجنگ آ ز ا د ی کے مجا ہد کو ن _cمر ز ا مر تضی ا قبا ل |
||
| 246 | h |
_aJung-e-Aazadi ke Mujahid Koun _bby Mirza Murtaza Iqbal |
|
| 260 |
_bM.Y.Shiksha ,Samaj Kalyan,Gramin Vikas ourTarsakrat SamajKalyan Samiti _c2013 _aMuradabad |
||
| 270 |
_aKhawaja Nagri,Dhemri,Samhal Road, _bMuradabad _k - _e244001 |
||
| 300 |
_a256+192-ص _c22Cm (Hb) |
||
| 942 |
_2ddc _cUR _e _h070 _mم ر ز |
||
| 999 |
_c94093 _d94093 |
||